M. C. Escher (Record no. 495)

MARC details
000 -CABECERA
campo de control de longitud fija 00718nam a2200193 a 4500
001 - NÚMERO DE CONTROL
campo de control BRCA_564
005 - FECHA Y HORA DE LA ÚLTIMA TRANSACCIÓN
campo de control 20190320203050.0
008 - DATOS DE LONGITUD FIJA--INFORMACIÓN GENERAL
campo de control de longitud fija 220905s1994----mx-a---###---#000-0#spa-d
050 #4 - SIGNATURA TOPOGRÁFICA DE LA BIBLIOTECA DEL CONGRESO
Número de clasificación NE674.E8
Número de documento/Ítem .E83 1994
245 10 - MENCIÓN DE TÍTULO
Título M. C. Escher
Resto del título movimiento contenido.
260 ## - PUBLICACIÓN, DISTRIBUCIÓN, ETC.
Lugar de publicación, distribución, etc. México
Nombre del editor, distribuidor, etc. Museo Franz Mayer
Fecha de publicación, distribución, etc. 1994
300 ## - DESCRIPCIÓN FÍSICA
Extensión 73 p.
Otras características físicas il. a color
Dimensiones 25 cm.
500 ## - NOTA GENERAL
Nota general Catálogo de la exposición realizada en el Museo Franz Mayer (Ciudad de México), 21 abril - 21 junio, 1994
600 14 - PUNTO DE ACCESO ADICIONAL DE MATERIA--NOMBRE DE PERSONA
Nombre de persona Escher, Maurits Cornelis
Fechas asociadas al nombre 1898-1972
Subdivisión de forma Exposiciones
9 (RLIN) 1948
650 14 - PUNTO DE ACCESO ADICIONAL DE MATERIA--TÉRMINO DE MATERIA
Término de materia o nombre geográfico como elemento de entrada Grabado
Subdivisión de forma Exposiciones
Subdivisión cronológica Siglo XX
Subdivisión geográfica Holanda
9 (RLIN) 1949
650 14 - PUNTO DE ACCESO ADICIONAL DE MATERIA--TÉRMINO DE MATERIA
Término de materia o nombre geográfico como elemento de entrada Dibujo holandés
Subdivisión de forma Exposiciones
Subdivisión cronológica Siglo XX
9 (RLIN) 1950
653 0# - TÉRMINO DE INDIZACIÓN--NO CONTROLADO
Término no controlado Grabadores holandeses
942 ## - ELEMENTOS DE PUNTO DE ACCESO ADICIONAL (KOHA)
Fuente del sistema de clasificación o colocación Library of Congress Classification
Tipo de ítem Koha Libros
Holdings
Estado de retiro Estado de pérdida Estado dañado No para préstamo Localización permanente Ubicación/localización actual Fecha de adquisición Total de préstamos Signatura topográfica completa Código de barras Fecha visto por última vez Precio válido a partir de Tipo de ítem Koha
El ejemplar forma parte de la colección y puede ser consultado según las políticas vigentes.       Biblioteca del Museo Franz Mayer (Rogerio Casas-Alatriste) Biblioteca del Museo Franz Mayer (Rogerio Casas-Alatriste) 25/06/2008   NE674.E8 .E83 1994 00881 22/03/2019 22/03/2019 Libros